| 000 | 01205cam a22003857a 4500 | ||
|---|---|---|---|
| 003 | CHAP | ||
| 005 | 20220817043751.0 | ||
| 008 | 010326d2000 mx a r 00110 spa d | ||
| 010 | _a83821 | ||
| 011 | _a84793 | ||
| 020 | _a9681855582 | ||
| 035 | _a95319 | ||
| 040 | _cCHAP | ||
| 082 | 0 | 4 |
_a664.8 _bI56 |
| 110 | 1 | 0 |
_aAcademia del Area de Plantas Piloto de Alimentos. México _9374 |
| 245 | 1 | 0 | _aIntroducción a la tecnología de alimentos |
| 260 |
_aMéxico, D. F. : _bLimusa, _c2000. |
||
| 300 |
_a160 p. : _bilus. |
||
| 490 | 0 |
_aCANIEM _v; 121 |
|
| 590 |
_aBATCH-UPD _b10 _c20130110 _lUCH01 _h0632 |
||
| 590 |
_aBATCH-UPD _b10 _c20130410 _lUCH01 _h0315 |
||
| 590 |
_aBATCH-UPD _b10 _c20130914 _lUCH01 _h0200 |
||
| 590 |
_aCONVERSION _b10 _c20130109 _lUCH01 _h1347 |
||
| 650 | 1 | 4 |
_aAlimentos _xCalidad. |
| 650 | 1 | 4 |
_aAlimentos _xProcesado. _94267 |
| 650 | 1 | 4 |
_aAlimentos _xTecnología. _94284 |
| 650 | 1 | 4 |
_aCarne _xSubproductos. _919111 |
| 650 | 1 | 4 |
_aQueso _xProcesado. _993233 |
| 650 | 1 | 4 |
_aYogurt. _9123161 |
| 830 | 0 | 0 |
_aCANIEM _v; 121 _918363 |
| 901 | _aBK | ||
| 905 | _aLilia Sánchez G. | ||
| 942 | _cLIBRO | ||
| 949 |
_a664.8 I56 _bBC _cLIBRO _d33724000820734 _eLIBRO _gI.c/e _h99998 _i95319 _si _t$72.25 |
||
| 999 |
_c83821 _d83821 |
||